Загрузка...
Kavithayum samoohika parivarthanavum
| Главный автор: | |
|---|---|
| Формат: | Printed Book |
| Опубликовано: |
Thiruvananthapuram, Kerala Bhasha Institute
1992
|
| LEADER | 004140000a22001210004500 | ||
|---|---|---|---|
| 040 | |a MAL | ||
| 082 | |a A1 009 N21 | ||
| 100 | |a Indira, K K | ||
| 245 | |a Kavithayum samoohika parivarthanavum | ||
| 260 | |a Thiruvananthapuram, Kerala Bhasha Institute | ||
| 260 | |c 1992 | ||
| 999 | |c 20738 |d 20738 | ||
| 952 | |0 0 |1 0 |4 0 |6 A_1_009000000000000_N21 |7 0 |8 MAL |9 20554 |a MGUL |b MGUL |d 2013-07-16 |l 1 |o A1 009 N21 |p 15347 |r 2015-02-19 |s 2015-01-13 |w 2013-07-16 |y BK | ||